| 000 | 00923nam a22002537a 4500 | ||
|---|---|---|---|
| 999 |
_c7409 _d7409 |
||
| 003 | AR-CdUCM | ||
| 008 | 190320b ||||| |||| 00| 0 spa d | ||
| 040 |
_aMUNICIPALIDAD PROVINCIAL DEL CUSCO _cBIBLIOTECA MUNICIPAL DEL CUSCO |
||
| 041 | _h84-205-0311-8 | ||
| 082 |
_a630.24 / _bP95 |
||
| 100 |
_aPrimo Yúfera, E _920895 |
||
| 245 | _aQuímica agrícola II / | ||
| 260 |
_aMadrid : _bAlhambra, _c1976. |
||
| 300 |
_a639 paginas ; _bIlustraciones,diagramas _c23 cm. |
||
| 505 | _aContenido :Generalidades --Formulación de plaguicidas --Insecticidas halogenados --Insecticidas fosfatados --Carbonatos,nitrofenoles y sulfocianuros insecticidas ... | ||
| 650 |
_aQuímica agrícola _920392 |
||
| 650 |
_aSuelos _919092 |
||
| 650 |
_aFertilizantes _919426 |
||
| 650 |
_aAbonos _920896 |
||
| 650 |
_aPlagas agrícolas - control _920897 |
||
| 700 |
_aJ.M.Carrasco Dorrien _920898 |
||
| 942 |
_2ddc _cLIBROS |
||
| 945 | _arjall | ||